00250nam a22001097a 4500008004100000020001800041041000800059080001500067100000600082101000900088245004300097181018b xxu||||| |||| 00| 0 eng d a9780440500056 aeng a616.8  a7 a TRU aMoleculses of the Mind cFranklin. J